=LDR 00000nam 2200000 4500 =001 INLIS000000000022037 =005 20130612120833 =008 ***********************************Ind** =035 ##$$0010-061300000022037 =041 ##$$a Ind =082 ##$$a F Rom D =090 ##$$a F Rom D, Sai-a =100 ##$$a SAID, Kurban =245 ##$$a Ali dan Nino, Kurban Said =260 ##$$a 2004 $b Jakarta =300 ##$$a 360 hlm., 20 cm =650 ##$$a Fiksi dewasa =850 ##$$a NBPNMAT =990 ##$$a 0001/BPAP-NTB/20142015 =990 ##$$a 0001/BPAP-NTB/2015